Дело о принятии для представления на сцене трагедии "Баязет", переведенной Катениным

RUSMARC
00005149cmc2a2200000#x 450
00169cf295a-ab46-4f41-9d25-8e743e022c51
00520190614152116.0
100##$a20170118l18261832k l0rusy0189 ca
1010#$arus
102##$aRU
2001#$aДело о принятии для представления на сцене трагедии "Баязет", переведенной Катениным
$j5 апреля 1826 г. - 9 декабря 1832 г.
251##$cДело
300##$aЗаголовок дела также: Дело о принятии к театру трагедии "Баязет" сочинителя господина полковника Катенина и об отказе в том же господину Олину
300##$aРукописный текст. Чернила
801#0$aRU
$bРГИА
$c20170118
801#1$aRU
$bГлавНИВЦ
$c20170118
$2rusmarc
801#2$aRU
$bПБ им. Б.Н. Ельцина
$c20181129
$gRCR
$2rusmarc
850##$aФедеральное казенное учреждение "Российский государственный исторический архив" (РГИА)
852##$aРГИА
$j3109
937##$hРГИА
$d12235130
$aASBIBLIO_SCAN
462#0$1001dd3991dc-24e1-42ec-8838-ca4255420416
$12001
$a1746-1850 гг.
$vД. 3109
$1251
$cОпись
$1852
$j1
461#0$10019264ebf8-de62-4f1a-9eb4-9f22098dbbd5
$12001
$aДирекция императорских театров МИДв
$1251
$cФонд
$1852
$j497
215##$a10 листов
$d36,5х26 см
371##$aДокумент не является опубликованным и широко распространяемым
105##$ay###
1222#$ad18260405##
$ad18321209##
035##$a69cf295a-ab46-4f41-9d25-8e743e022c51
856##$uhttp://readingroom.main.prlib.ru/item.aspx?id_node=n121145071&mode=full
5171#$aДело о принятии к театру трагедии "Баязет" сочинителя господина полковника Катенина и об отказе в том же господину Олину
605##$2acquisition_Prlib
$3DITM\AF\0000003834
$aНарод
$lколлекция
605##$aГод театра в России
$lколлекция
$2acquisition_Prlib
$3LIBNET\UAF\0000080478
6061#$2prlib_sh
$3LIBNET\UAF\0000083585
$aТеатр
$jДокументы и материалы
$yРоссия
$z1-я пол. 19 в.
686##$2rubbk
$a85.334.3(2=411.2)52ю1
$vLBC/M
686##$a63.3(2)52-7ю1
$vLBC/M
$2rubbk
Формат отображения